000 003210000a22001450004500
001 003691
003 MACL
040 _aMACL
090 _c15684
_d15683
100 _aNanda, Vevek
245 _aChidambaram
_bHome Of Nataraja
_cVevek Nanda
260 _aMarq Publications,
_c2004
650 _aReligion
942 _k292
_cBook
999 _c15587
_d15587